Normal view
MARC view
Entry Personal Name
001 - CONTROL NUMBER
- control field: 63978
003 - CONTROL NUMBER IDENTIFIER
- control field: dpl
005 - DATE AND TIME OF LATEST TRANSACTION
- control field: 20240327115043.0
008 - FIXED-LENGTH DATA ELEMENTS
- fixed length control field: 240327|| aca||aabn | a|a d
040 ## - CATALOGING SOURCE
- Original cataloging agency: dpl
- Transcribing agency: dpl
100 ## - HEADING--PERSONAL NAME
- Personal name: शर्मा,तेजेन्द्र
670 ## - SOURCE DATA FOUND
- Source citation: Work cat.: (dpl)201589: शर्मा,तेजेन्द्र, नयी ज़मीन नया आकाश;समग्र कहानिया-2/, 2021
